Big Business

Uloženo v:
Podrobná bibliografie
Hlavní autor: Case, Cameron
Médium: Kniha
Jazyk:angličtina
Vydáno: London
Tagy: Přidat tag
Žádné tagy, Buďte první, kdo vytvoří štítek k tomuto záznamu!

MARC

LEADER 00000nam a2200000 4500
001 CDOM0000003711
003 mi
005 20250913232505.0
008 250913b |||||||| |||| 00| 0 eng d
040 |c mi 
100 |a Case, Cameron 
245 1 |a Big Business  
260 |a London 
942 |2 ddc  |c BK 
952 |0 0  |1 0  |2 ddc  |4 0  |7 0  |9 6933  |a MI  |b MI  |d 2009-08-19  |i 5417  |l 0  |p CDOM5417  |r 2025-07-13 16:28:00  |w 2025-07-13  |x DONO  |y BK 
999 |c 5658  |d 5658